| 000 | 01262cam a22001934a 4500 | ||
|---|---|---|---|
| 005 | 20250605164400.0 | ||
| 008 | 250528s ||||||||||||||||||||||||d | ||
| 035 | _a24524 | ||
| 040 |
_aGR-AtMCL _bgre _dGR-AtMCL _eAACR2 |
||
| 245 | 1 | _aΣυμβάλλουμε Αποφασιστικά στην Ενίσχυση της Αεροπορικής Αγοράς / Ιωάννα Παππαδοπούλου, Διεθνής Αερολιμένας Αθηνών | |
| 260 | _c2014 | ||
| 300 | _a34 | ||
| 520 | _aΗ Κρίση Είχε και Θετικά για την Αγορά της Επικοινωνίας, Η Νέα Επωνυμία για τις Εταιρίες του Publicis Groupe στην Ελλάδα, Από την ΄Μπανερίτιδα' στο Native Advertising, Ευελιξία και Ορθολογική Διαχείριση των Data θα Κάνουν τη Διαφορά, Από την Αποδελτίωση στην Παροχή Αξίας, Αναζητώντας το Ιδανικό Μίγμα Τεχνολογίας και Παραδοσιακών Τεχνικών Προ΄ωθησης. | ||
| 700 | 1 |
_aΚορδελάς Δημήτρης _99464 |
|
| 942 | _cCR | ||
| 710 | 2 |
_aThe Marketing Week _99825 |
|
| 999 |
_c9401 _d9401 |
||